000 00524nam a2200193Ia 4500
003 GCL
008 140319s9999 xx 000 0 eng d
040 _aGCL /
_cGCL
082 0 4 _a609.03
_bD B
100 1 _aDAY, LANCE.
245 1 0 _aBIOGRAPHICAL DICTIONARY OF THE HISTORY OF TECHNOLOGY. /
_cDAY, LANCE.
700 1 _aMCNEIL, IAN.
260 _a[S.N] :
_bROUTLEDGE ،
_c1996
300 _a844 P.
650 0 4 _aTECHNOLOGY
650 0 4 _aTECHNOLOGY - DICTIONARIES
650 0 4 _aHISTORY OF TECHNOLOGY.
942 _2ddc
_cBK
999 _c13086
_d13086